000 00367nam a2200133Ia 4500
003 GCL
008 140319s9999 xx 000 0 ara d
040 _aGCL /
_cGCL
082 0 4 _a813.01
_bى خ
100 1 _aيوسف مرزوق
245 1 0 _aخمسة جنان /
_cيوسف مرزوق
300 _a129 ص
490 _aالهيئة العامة للاستعلامات
_v0
999 _c47590
_d47590